| 000 | 00743nam a2200277Ia 4500 | ||
|---|---|---|---|
| 008 | 171120s9999 xx 000 0 und d | ||
| 020 | _a9.7818481015e+012 | ||
| 050 | _a569.6 | ||
| 050 | _bW629 2009 | ||
| 245 | _aWhy were mammoths woolly? : | ||
| 245 | _bprehistoric animals / | ||
| 260 | _aEssex : | ||
| 260 | _bMiles Kelly, | ||
| 260 | _c2009 | ||
| 300 | _a32 pages : | ||
| 300 | _bcolor illustrations ; | ||
| 300 | _c29cm. | ||
| 440 | _aFirst questions and answers. | ||
| 500 | _aIncludes index. | ||
| 650 | _aAnimals, Fossil -- | ||
| 650 | _aAnimals, Fossil. | ||
| 650 | _aWoolly mammoth -- | ||
| 650 | _xMiscellanea -- Juvenile literature. | ||
| 650 | _xMiscellanea -- Juvenile literature. | ||
| 700 | _aSeries. | ||
| 999 |
_c344979 _d344979 |
||